000 00573nam a22002177a 4500
003 OSt
005 20260407122538.0
008 260407b |||||||| |||| 00| 0 eng d
020 _a978-81-929656-2-8
040 _cMRSPTU
041 _aENG.
082 _a720.954
_bPI-C
100 _aPinge, Roopa Sabnis
245 _aCubist Modernism: The Architecture of Sangeet Sharma - Selected Works
250 _aEd. Ist
260 _aAhmedabad,
_bAkar Info - Media Pvt. Ltd.,
_c2025
300 _a358
365 _b3,000
_cRs.
650 _aArchitecture
942 _2ddc
_cBK
_n0
999 _c11334
_d11334